Los secretos del ayurveda / (Record no. 192174)

MARC details
000 -LEADER
campo de control de longitud fija 00946cam a2200277 i 4500
001 - NÚMERO DE CONTROL
campo de control 192174
003 - IDENTIFICADOR DE NÚMERO DE CONTROL
campo de control ES-MaACL
005 - FECHA Y HORA DE LA ÚLTIMA TRANSACCIÓN
campo de control 20250806012736.0
008 - DATOS DE LONGITUD FIJA--INFORMACIÓN GENERAL
campo de control de longitud fija 221107s2003 deu 000 0 spa d
020 ## - NÚMERO INTERNACIONAL ESTÁNDAR DEL LIBRO
Número Internacional Estándar del Libro 3822824917
040 ## - FUENTE DE CATALOGACIÓN
Lengua de catalogación spa
Centro/agencia transcriptor ES-MaACL
080 ## - NÚMERO DE LA CLASIFICACIÓN DECIMAL UNIVERSAL
Número de la Clasificación Decimal Universal 61:001.5(540)
100 1# - ENTRADA PRINCIPAL--NOMBRE DE PERSONA
Nombre de persona Warrier, Gopi.
9 (RLIN) 175778
Término indicativo de función/relación Autor
245 14 - MENCIÓN DEL TÍTULO
Título Los secretos del ayurveda /
Mención de responsabilidad, etc. Gopi Warrier, Dr. Harish Verma y Karen Sullivan.
260 ## - PUBLICACIÓN, DISTRIBUCIÓN, ETC.
Lugar de publicación, distribución, etc. Köln :
Nombre del editor, distribuidor, etc. Taschen,
Fecha de publicación, distribución, etc. 2003.
300 ## - DESCRIPCIÓN FÍSICA
Extensión 224 páginas :
Otras características físicas ilustraciones (color) ;
Dimensiones 14 x 11 cm
500 ## - NOTA GENERAL
Nota general Índice
650 #7 - PUNTO DE ACCESO ADICIONAL DE MATERIA--TÉRMINO DE MATERIA
Término de materia o nombre geográfico como elemento de entrada Medicina ayurvédica
Fuente del encabezamiento o término embne
9 (RLIN) 160772
700 1# - ENTRADA AGREGADA--NOMBRE PERSONAL
Nombre de persona Verma, Harish.
9 (RLIN) 175779
Término indicativo de función/relación Autor
700 1# - ENTRADA AGREGADA--NOMBRE PERSONAL
Nombre de persona Sullivan, Karen.
9 (RLIN) 175780
Término indicativo de función/relación Autor
852 4# - LOCALIZACIÓN
Ubicación ES-MaACL
Número de control de estantería N-8128
Sublocalización o colección R. 152392
Ubicación en estantería Depósito J
Donativo/Legado Donación: José Lázaro García
itemnumber 199456
903 ## - NOMBRE PERSONAL DE DONANTE
9 234219
a Lázaro García, José
e Donante
942 ## - ELEMENTOS DE ENTRADA SECUNDARIOS (KOHA)
Tipo de ítem Koha Libro impreso
Suprimir en OPAC No
Holdings
Estatus retirado Estado de pérdida Fuente del sistema de clasificación o colocación Estado de daño No para préstamo Biblioteca de origen Biblioteca actual Ubicación en estantería Fecha de adquisición Fuente de adquisición Total de préstamos Signatura topográfica completa Código de barras Visto por última vez Tipo de ítem Koha
    Clasificación decimal universal     Biblioteca del Ateneo de Madrid Biblioteca del Ateneo de Madrid Depósito J 07/11/2022 Donación   N-8128 101206427 23/02/2023 Libro impreso